It looks like you're offline.
Open Library logo
additional options menu

MARC record from Internet Archive

LEADER: 00852cam 2200289 a 4500
001 ocm35136907
003 OCoLC
005 20210202043350.0
008 960705s1995 stk 000 1 eng
040 $aUKM$beng$cUKM$dOCLCQ$dOCLCG$dOCLCQ
015 $aGB9656578$2bnb
020 $a0862415748$q(pbk.)
020 $a9780862415747$q(pbk.)
035 $a(OCoLC)35136907
082 04 $a813.54$aFic$220
100 1 $aVan Peebles, Melvin,$d1932-
245 10 $aPanther :$ba novel /$cby Melvin Van Peebles.
260 $aEdinburgh :$bPayback Press,$c1995.
300 $a230 pages ;$c20 cm
336 $atext$btxt$2rdacontent
337 $aunmediated$bn$2rdamedia
338 $avolume$bnc$2rdacarrier
653 0 $aEnglish fiction
653 0 $aUnited States
029 1 $aUNITY$b02441770X
994 $aZ0$bP4A
948 $hNO HOLDINGS IN P4A - 11 OTHER HOLDINGS